000 00875cam a2200289 a 4500
001 ocm56805529
003 PILC
005 20150112093445.0
008 041015s2005 enka b 001 0 eng
020 _a9781844800827
035 _aCUA000257584
040 _aUKM
_cUKM
_dC#P
_dBAKER
_dCVU
049 _aCVUA
050 4 _aHD 30.4
_b.J33 2005
082 0 4 _aR 650.072
_bJ25b 2005
100 1 _aJankowicz, A. D.
_d1946-
_922738
245 1 0 _aBusiness research projects /
_cA.D. Jankowicz
250 _a4th ed.
260 _aLondon :
_bThomson Learning,
_c2005.
300 _a398 pages :
_billustration ;
_c25 cm.
504 _aIncludes bibliographical references and indexes.
650 0 _aBusiness
_xResearch.
_922739
650 0 _aBusiness enterprises
_xResearch.
_922740
650 0 _aBusiness report writing.
_915214
910 _a20060904/w/n;jc
942 _2lcc
_cBK
999 _c14880
_d14880